| 000 | 00440nam a22001457a 4500 | ||
|---|---|---|---|
| 003 | SGT | ||
| 082 |
_a617.96 _bC23Y |
||
| 100 | _aYADAV, KSHITIJ | ||
| 245 | _aCOMPARATIVE STUDY OF INTRATHECAL FENTANYL WITH BUPIVACAINE V/S CLONIDINE WITH BUPIVACAINE FOR PERI-OPERATIVE PAIN RELIEF IN MAJOR GYNAECOLOGICAL SURGERIES | ||
| 260 |
_aGURUGRAM _bSGT UNIVERSITY _c2023 |
||
| 300 | _a104 | ||
| 650 | _aANESTHESIA | ||
| 653 | _aM.D | ||
| 942 |
_2ddc _cTH |
||
| 999 |
_c26611 _d26611 |
||